header

Guided instruction (Record no. 235116)

MARC details
000 -LEADER
fixed length control field 01436nam a2200361Ia 4500
082 04 - DEWEY DECIMAL CLASSIFICATION NUMBER
Classification number 371.39
100 1# - MAIN ENTRY--AUTHOR NAME
Personal name Fisher, Douglas,
245 10 - TITLE STATEMENT
Title Guided instruction
260 ## - PUBLICATION, DISTRIBUTION, ETC. (IMPRINT)
Place of publication Alexandria, Va. :
Name of publisher ASCD,
Year of publication 2010.
300 ## - PHYSICAL DESCRIPTION
Number of Pages xvii, 139 p. :
Other physical details ports.
650 #0 - SUBJECT ADDED ENTRY--TOPICAL TERM
Topical Term Teachers
Topical Term Teaching
Topical Term Teacher-student relationships
Topical Term Motivation in education
Topical Term Learning, Psychology of.
700 1# - ADDED ENTRY--PERSONAL NAME
Personal name Frey, Nancy,
856 40 - ELECTRONIC LOCATION AND ACCESS
Uniform Resource Identifier http://site.ebrary.com/lib/rucke/Doc?id=10436138

No items available.

© 2026 Rongo University
Contact us: librarian | system librarian | Rongo university